Celebracion a los mares : (Record no. 13112)

MARC details
000 -CABECERA
campo de control de longitud fija 01231nam a2200301 4500
003 - IDENTIFICADOR DEL NÚMERO DE CONTROL
campo de control OSt
005 - FECHA Y HORA DE LA ÚLTIMA TRANSACCIÓN
campo de control 20260530115306.0
008 - DATOS DE LONGITUD FIJA--INFORMACIÓN GENERAL
campo de control de longitud fija 260418b1998 mx a|||| |||| 00| 0 spa d
020 ## - NÚMERO INTERNACIONAL ESTÁNDAR DEL LIBRO
Número Internacional Estándar del Libro 9686397515
040 ## - FUENTE DE LA CATALOGACIÓN
Centro catalogador/agencia de origen ICI
Lengua de catalogación spa
Centro/agencia transcriptor ICI
041 ## - CÓDIGO DE LENGUA
Código de lengua del texto/banda sonora o título independiente spa
050 ## - SIGNATURA TOPOGRÁFICA DE LA BIBLIOTECA DEL CONGRESO
Número de clasificación GC1023.16
Número de documento/Ítem R63
100 1# - ENTRADA PRINCIPAL--NOMBRE DE PERSONA
Nombre de persona Robles Gil, Patricio, autor.
9 (RLIN) 32048
245 10 - MENCIÓN DE TÍTULO
Título Celebracion a los mares :
Resto del título patrimonio para el futuro /
Mención de responsabilidad, etc. Patricio Robles Gil, Pablo Cervantes ; presentación, José Torres Campos ; prólogo, Ernesto Amtmann ; traducción, Teresa Segovia, Ramón Elizondo
264 #1 - PRODUCCIÓN, PUBLICACIÓN, DISTRIBUCIÓN, FABRICACIÓN Y COPYRIGHT
Nombre del de productor, editor, distribuidor, fabricante CEMEX :
-- Agrupacion Sierra Madre,
Fecha de producción, publicación, distribución, fabricación o copyright 1998
Producción, publicación, distribución, fabricación y copyright México, D.F. :
300 ## - DESCRIPCIÓN FÍSICA
Extensión 239 páginas :
Otras características físicas ilustraciones a color
336 ## - TIPO DE CONTENIDO
Término de tipo de contenido texto
Fuente rdacontent
337 ## - TIPO DE MEDIO
Nombre/término del tipo de medio sin medio
Fuente rdamedia
338 ## - TIPO DE SOPORTE
Nombre/término del tipo de soporte volumen
Fuente rdacarrier
650 14 - PUNTO DE ACCESO ADICIONAL DE MATERIA--TÉRMINO DE MATERIA
Término de materia o nombre geográfico como elemento de entrada Conservación de los recursos marinos
Subdivisión de forma Congresos
Subdivisión geográfica México
9 (RLIN) 32049
650 14 - PUNTO DE ACCESO ADICIONAL DE MATERIA--TÉRMINO DE MATERIA
Término de materia o nombre geográfico como elemento de entrada Conservación de los recursos marinos
Subdivisión general Obras ilustradas
Subdivisión geográfica México
9 (RLIN) 32050
700 1# - PUNTO DE ACCESO ADICIONAL--NOMBRE DE PERSONA
Nombre de persona Cervantes, Pablo,
Término indicativo de función/relación autor
9 (RLIN) 32051
700 1# - PUNTO DE ACCESO ADICIONAL--NOMBRE DE PERSONA
Nombre de persona Torres Campos, José,
Término indicativo de función/relación prologuista
9 (RLIN) 32052
700 1# - PUNTO DE ACCESO ADICIONAL--NOMBRE DE PERSONA
Nombre de persona Amtmann, Ernesto,
Término indicativo de función/relación prologuista
9 (RLIN) 32053
700 1# - PUNTO DE ACCESO ADICIONAL--NOMBRE DE PERSONA
Nombre de persona Segovia, Teresa,
Término indicativo de función/relación traductor
9 (RLIN) 4771
700 1# - PUNTO DE ACCESO ADICIONAL--NOMBRE DE PERSONA
Nombre de persona Elizondo, Ramón,
Término indicativo de función/relación traductor
9 (RLIN) 32054
942 ## - ELEMENTOS DE PUNTO DE ACCESO ADICIONAL (KOHA)
Fuente del sistema de clasificación o colocación Library of Congress Classification
Tipo de ítem Koha

No items available.